01419nam a2200349 a 4500001001200000003000800012006001900020007001500039008004100054010001700095020001500112020001800127020002700145040002100172035002100193050002600214100001700240245014300257260004500400300002400445500002000469505013600489533015200625630002000777650003000797650003400827655002900861700001800890700001800908710001700926856012600943ebr10539322CaPaEBRm u cr cn|||||||||120327s2013 maua s 001 0 eng d z 2012930789 z1435456548 z9781435456549 z9781435456556 (e-book) aCaPaEBRcCaPaEBR a(OCoLC)80541782314aQA76.9.V5bH35 2013eb1 aHales, John.10aAdministering vSphere 5h[electronic resource] :bplanning, implementing, and troubleshooting /cJohn Hales, Brian Eiler, and Steve Jones. aBoston :bCourse Technology PTR,cc2013. axxi, 903 p. :bill. aIncludes index.0 apt. 1. Where do I start? -- pt. 2. Infrastructure choices -- pt. 3. Operational considerations -- pt. 4. Where do we go from here?. aElectronic reproduction.bPalo Alto, Calif. :cebrary,d2011.nAvailable via World Wide Web.nAccess may be limited to ebrary affiliated libraries.00aVMware vSphere. 0aVirtual computer systems. 0aOperating systems (Computers) 7aElectronic books.2local1 aEiler, Brian.1 aJones, Steve.2 aebrary, Inc.40uhttp://site.ebrary.com/lib/rucke/Doc?id=10539322zAn electronic book accessible through the World Wide Web; click to view